Zlato do popredia, ropa ustúpila do úzadia vývoj na komoditnom trhu v uplynulom mesiaci

Pozornosť investorov sa uprela na drahé kovy. Prudké prerazenie zlata na nové historické maximá. Cena ropy stagnuje. Oslabovanie amerického dolára. Komodity zo sektora potravín. Ceny obilnín a olejnín. Predpoklady na posledný mesiac roka.

Gespeichert in:
Bibliographische Detailangaben
1. Verfasser: Tomčiak, Boris
Format: Buchkapitel
Sprache:Slowakisch
Schlagworte:
Tags: Tag hinzufügen
Keine Tags, Fügen Sie das erste Tag hinzu!

MARC

LEADER 00000naa$a2200000$$$4500
001 0107973
005 20231019090624.5
041 0 |a slo 
044 |a SK 
245 1 0 |a Zlato do popredia, ropa ustúpila do úzadia  |b vývoj na komoditnom trhu v uplynulom mesiaci  |c Boris Tomčiak 
520 |a Pozornosť investorov sa uprela na drahé kovy. Prudké prerazenie zlata na nové historické maximá. Cena ropy stagnuje. Oslabovanie amerického dolára. Komodity zo sektora potravín. Ceny obilnín a olejnín. Predpoklady na posledný mesiac roka. 
610 2 0 |a burzy komoditné 
610 2 0 |a komodity 
610 2 0 |a produkcia 
610 2 0 |a ceny 
610 2 0 |a zlato 
610 2 0 |a ropa 
610 2 0 |a Čína 
610 2 0 |a USA 
100 1 |a Tomčiak, Boris